Vraní blues

Uložené v:
Podrobná bibliografia
Hlavný autor: Leigh, Richard (Composer)
Ďalší autori: Rytíř, Zdeněk, 1944-2013 (Lyricist)
Médium: Hudobnina
Jazyk:Czech
Vydané: Praha : Supraphon, 1986.
Vydanie:1. vyd.
Edícia:Edice moderního aranžování 40
ISBN: (brož.)
Fyzický popis: 15 s.
Tagy: Pridať tag
Žiadne tagy, Buďte prvý kto otaguje tento záznam!

MARC

LEADER 00000ncm a22000001a 4500
001 000215744
005 20100825175440.0
008 080321s1986 xr e cze d
020 |a (brož.)  |c Kčs 11,00 
040 |a SVKKK  |b slo  |c SVKKK  |e AACR2 
041 0 |a cze 
044 |a xr  |c CZ 
100 1 |a Leigh, Richard  |4 cmp 
245 1 0 |a Vraní blues  |h [hudebnina] /  |c hudba Richard Leigh ; český text Z. Rytíř. 
250 |a 1. vyd. 
260 |a Praha :  |b Supraphon,  |c 1986. 
300 |a 15 s. 
490 1 |a Edice moderního aranžování  |v 40 
700 1 |a Rytíř, Zdeněk,  |d 1944-2013  |4 lyr 
830 0 |a Edice moderního aranžování  |v 40 
910 |a svkkk 
998 |a BK 
090 |g SCKHL  |k Sklad Pribinova 3. posch.  |a V.141669  |j 747932  |i 2720966135  |s Povinný výt.